| 000 | 00491nam a2200181Ia 4500 | ||
|---|---|---|---|
| 008 | 140626s9999 xx 000 0 und d | ||
| 100 | _aMcShane, Blakeley.. | ||
| 245 |
_aVisual influence and social groups / _cBlakeley McShane ... [et al.]. |
||
| 260 | _cc2012. | ||
| 300 | _a49 : 6, page 854 | ||
| 440 | _aJournal of Marketing Research | ||
| 521 | _aBSBA | ||
| 650 | _aAutomobiles. | ||
| 650 | _aCars. | ||
| 650 | _aSocial identity. | ||
| 650 | _aVisual influence. | ||
| 942 | _cSE | ||
| 999 |
_c121070 _d121070 |
||